| 000 | 01230nas a2200361 4500 | ||
|---|---|---|---|
| 001 | BR2012004636 | ||
| 003 | BR-BrBNA | ||
| 005 | 20231205120754.0 | ||
| 007 | ta | ||
| 008 | 230509b bl.|||p| |||| 00| 00por d | ||
| 040 |
_aBR-BrBNA _bpor _cBiblioteca Nacional de Agricultura |
||
| 041 | _a(Pt) | ||
| 072 | _aQ55; Q54 | ||
| 100 | 1 | _aTeixeira, M.C. | |
| 100 | 1 | _aMalafaia, P. | |
| 100 | 1 | _aLizieire, O.S. | |
| 100 | 1 | _aDomingues,F.N. | |
| 100 | 1 | _aValente, T.N.P. | |
| 100 | 1 | _aCosta, D.P.B. da | |
| 100 | 1 | _aChambela Neto, A. | |
| 245 | 1 | _aUso da associação do farelo de soja e da farinha de peixe com açúcar em suplementos para bezerras mestiças leiteiras na época das chuvas | |
| 246 | 1 | _aUtilization of soybean meal and fish meal combined with sugar cane in supplements for dairy heifers during the wet season | |
| 650 | _aVACA LEITEIRA | ||
| 650 | _aSUPLEMENTO ALIMENTAR | ||
| 650 | _aFARELO | ||
| 650 | _aSOJA | ||
| 650 | _aFARINHA DE PEIXE | ||
| 650 | _aAÇÚCAR | ||
| 650 | _aCHUVA | ||
| 773 | 0 |
_tRevista Brasileira de Medicina Veterinária (Brazil) _xISSN 0100-2430 _g(Jul-Sep 2006), v. 28(3) p. 114-118 _wBR2012004636 |
|
| 909 |
_a202311 _bLúcia _c55 _dLúcia Elande |
||
| 942 |
_2AGRIS _n0 _cANA |
||
| 999 |
_c220231 _d220231 |
||